书目信息 |
| 题名: |
英语
|
|
| 作者: | 赵琏 , 沈一鸣 编 ;新编成人高等学校英语教材编写组 编 | |
| 分册: | 第1册 | |
| 出版信息: | 北京 上海外语教育出版社 2006.01 |
|
| 页数: | 234页 | |
| 开本: | 26cm | |
| 丛书名: | ||
| 单 册: | ||
| 中图分类: | H31-42 | |
| 科图分类: | ||
| 主题词: | 英语--ying yu--高等教育--教材 | |
| 电子资源: | ||
| ISBN: | 7-81095-939-5 | |
| 000 | 00848nam0 2200229 450 | |
| 001 | 012006561563 | |
| 005 | 20150702084934.42 | |
| 010 | @a7-81095-939-5@dCNY26.00 | |
| 100 | @a20061214d2006 km y0chiy0120 ea | |
| 101 | 0 | @achi@aeng |
| 102 | @aCN@b110000 | |
| 105 | @ay z 000yy | |
| 200 | 1 | @a英语@Aying yu@h第1册@f赵琏,沈一鸣编@Fzhao lian,shen yi ming bian@g新编成人高等学校英语教材编写组编@Gxin bian cheng ren gao deng xue xiao ying yu jiao cai bian xie zu bian |
| 210 | @a北京@c上海外语教育出版社@d2006.01 | |
| 215 | @a234页@d26cm | |
| 606 | 0 | @a英语@Aying yu@x高等教育@j教材 |
| 690 | @aH31-42@v4 | |
| 701 | 0 | @a赵琏@Azhao lian@4编 |
| 701 | 0 | @a沈一鸣@Ashen yi ming@4编 |
| 712 | 02 | @a新编成人高等学校英语教材编写组@Axin bian cheng ren gao deng xue xiao ying yu jiao cai bian xie zu@4编 |
| 801 | 0 | @aCN@c20080402 |
| 905 | @dH31-42@eZ315:1 | |
| 英语.第1册/赵琏,沈一鸣编/新编成人高等学校英语教材编写组编.-北京:上海外语教育出版社,2006.01 |
| 234页;26cm |
| ISBN 7-81095-939-5:CNY26.00 |
| ● |
| 相关链接 |
|
|
|
正题名:英语
索取号:H31-42/Z315:1
 
预约/预借
| 序号 | 登录号 | 条形码 | 馆藏地/架位号 | 状态 | 备注 |
| 1 | 232335 | 202323351 | 语言库209/209语言库 93排1列5层/ [索取号:H31-42/Z315:1] | 在馆 | |
| 2 | 232336 | 202323360 | 语言库209/209语言库 93排1列5层/ [索取号:H31-42/Z315:1] | 在馆 | |
| 3 | 232337 | 202323379 | 语言库209/209语言库 93排1列5层/ [索取号:H31-42/Z315:1] | 在馆 | |
| 4 | 451398 | 204513981 | 语言库209/209语言库 93排1列5层/ [索取号:H31-42/Z315:1] | 在馆 |